| 000 | 01064aam a2200337 i 4500 | ||
|---|---|---|---|
| 001 | 768717001 | ||
| 003 | CO-MdFUSB | ||
| 005 | 20251111093745.0 | ||
| 007 | ta | ||
| 008 | 200406t2011 enk |||| |||| 00| 0 eng d | ||
| 020 | _a1565634764 | ||
| 040 |
_bspa. _aCO-MdFUSB _cCO-MdFUSB _dCO-MdFUSBC _erda |
||
| 041 | _aeng | ||
| 082 | 0 | 4 |
_a296.81 _223 _bT251h |
| 100 | 1 |
_aTcherikover, Victor _eautor |
|
| 245 | 1 | 0 |
_aHellenistic civilization and the Jews _c/ Victor Tcherikover |
| 264 | 1 |
_aMassachusetts : _bHendrickson Publishers, _c[2011] |
|
| 264 | 4 | _c© 2011 | |
| 300 |
_a563 Páginas _c; 22 cm |
||
| 336 |
_atexto _btxt _2rdacontent |
||
| 337 |
_2rdamedia _asin mediación _bn |
||
| 338 |
_2rdacarrier _avolumen _bnc |
||
| 500 | _aColección Dawn Christina Harrell | ||
| 505 | 0 | _aCivilización Helenistica en Palestina -- Civilización Helenistica en la diaspora | |
| 563 | _aRústico | ||
| 653 | _aJudíos -- Historia -- 70 a.C. | ||
| 653 | _aCivilización griega -- Historia | ||
| 942 | _cBK | ||
| 945 |
_aJTF-925 _bAEM-53 |
||
| 999 |
_c39776 _d39776 |
||